MECHANICS AND RELATIVITY (Record no. 10102)

MARC details
000 -LEADER
fixed length control field 00304nam a22001337a 4500
003 - CONTROL NUMBER IDENTIFIER
control field SGT
082 ## - DEWEY DECIMAL CLASSIFICATION NUMBER
Classification number SON 530
100 ## - MAIN ENTRY--PERSONAL NAME
Personal name SONI,VIDWAN SINGH
245 ## - TITLE STATEMENT
Title MECHANICS AND RELATIVITY
260 ## - PUBLICATION, DISTRIBUTION, ETC. (IMPRINT)
Place of publication, distribution, etc NEW DELHI
Name of publisher, distributor, etc PHI
Year of Publication 2013
300 ## - PAGE DESCRIPTION
No. of Pages 338
650 ## - SUBJECT ADDED ENTRY--TOPICAL TERM
Topical term or geographic name as entry element PHYSICS, MECHANICS AND RELATIVITY
942 ## - ADDED ENTRY ELEMENTS (KOHA)
Source of classification or shelving scheme Dewey Decimal Classification
Koha item type FPS Books
Holdings
Withdrawn status Lost status Source of classification or shelving scheme Damaged status Not for loan Collection code Home library Current library Shelving location Date acquired Vendor Name Cost, normal purchase price SGTU Bill Number Total Checkouts Full call number Accession No. (Barcode) Date last seen Bill Date Koha item type Date last borrowed
    Dewey Decimal Classification     SCIENCE SGT Science & Social Sciences Library SGT Science & Social Sciences Library Text Book 03/12/2016 UNIVERSAL BOOK 350.00 SGTU 377   SON 530 PS3112 03/12/2016 20/10/2016 FPS Books  
    Dewey Decimal Classification     SCIENCE SGT Science & Social Sciences Library SGT Science & Social Sciences Library Text Book 03/12/2016 UNIVERSAL BOOK 350.00 SGTU 377   SON 530 PS3113 03/12/2016 20/10/2016 FPS Books  
    Dewey Decimal Classification     SCIENCE SGT Science & Social Sciences Library SGT Science & Social Sciences Library Text Book 03/12/2016 UNIVERSAL BOOK 350.00 SGTU 377 1 SON 530 PS3114 03/03/2017 20/10/2016 FPS Books 23/02/2017